Australian Progressive Metal Bands By Top Song - Statistics

General Stats
  • This quiz has been taken 6 times
  • The average score is 3 of 22
Answer Stats
Hint Answer % Correct
Themata Karnivool
67%
Marigold Caligula's Horse
33%
My Enemy Cog
33%
The Mile Dead Letter Circus
33%
Jericco Jericco
33%
Reach The Butterfly Effect
33%
Waste Away Branch Arterial
17%
Spirals Floating Me
17%
Hall of Shame Osaka Punch
17%
One Hand Killing Twelve Foot Ninja
17%
Promise Voyager
17%
Reform Bend The Sky
0%
Conscious Self Breaking Orbit
0%
Africa Chaos Divine
0%
Illusions Eyefear
0%
Listen Lucid Planet
0%
And Plague Flowers the Kaleidoscope Ne Obliviscaris
0%
Electric Sunrise Plini
0%
Binary Collapse Tangled Thoughts of Leaving
0%
Swarm The Schoenberg Automaton
0%
Dead Elysium Vanishing Point
0%
To Dimension Logic Vauxdvihl
0%
No matching quizzes found
Score Distribution
Percent of People with Each Score
Percentile by Number Answered
Your Score History
You have not taken this quiz